Toward an economic theory of income distribution. / (Record no. 2591)

MARC details
000 -LEADER
fixed length control field 00944nam a22002177a 4500
008 - FIXED-LENGTH DATA ELEMENTS--GENERAL INFORMATION
fixed length control field 121126t xxu||||| |||| 00| 0 eng d
020 ## - INTERNATIONAL STANDARD BOOK NUMBER
International Standard Book Number 0262021145
050 ## - LIBRARY OF CONGRESS CALL NUMBER
Classification number HB601.B53
100 ## - MAIN ENTRY--PERSONAL NAME
Personal name Blinder, Alan S.
245 ## - TITLE STATEMENT
Title Toward an economic theory of income distribution. /
Statement of responsibility, etc. Alan S. Blinders
260 ## - PUBLICATION, DISTRIBUTION, ETC.
Place of publication, distribution, etc. Cambrigde:
Name of publisher, distributor, etc. MIT Press,
Date of publication, distribution, etc. 1974.
300 ## - PHYSICAL DESCRIPTION
Extent x,176 p.:
Dimensions 24cm.
500 ## - GENERAL NOTE
General note Includes index and bibliographical references.
505 ## - FORMATTED CONTENTS NOTE
Formatted contents note Contents: Desiderata for an economic theory of size distribution -- A life - cycle model of consumption and bequest behaviour -- Labor - leisure choices and the distribution of earnings -- Simulating the united states income distribution -- The decomposition of inequality -- Some redistributional policies -- Conclusion
650 ## - SUBJECT ADDED ENTRY--TOPICAL TERM
Topical term or geographic name entry element Income
650 ## - SUBJECT ADDED ENTRY--TOPICAL TERM
Topical term or geographic name entry element Mathematical models
650 ## - SUBJECT ADDED ENTRY--TOPICAL TERM
Topical term or geographic name entry element United States
650 ## - SUBJECT ADDED ENTRY--TOPICAL TERM
Topical term or geographic name entry element Capitalist countries
650 ## - SUBJECT ADDED ENTRY--TOPICAL TERM
Topical term or geographic name entry element Econometric models
942 ## - ADDED ENTRY ELEMENTS (KOHA)
Source of classification or shelving scheme Library of Congress Classification
Koha item type Books
Holdings
Withdrawn status Lost status Source of classification or shelving scheme Damaged status Not for loan Home library Current library Shelving location Date acquired Total Checkouts Full call number Barcode Date last seen Copy number Price effective from Koha item type
    Library of Congress Classification     WISCONSIN INTERNATIONAL UNIVERSITY COLLEGE, GHANA - MAIN LIBRARY WISCONSIN INTERNATIONAL UNIVERSITY COLLEGE, GHANA - MAIN LIBRARY Reference 26/11/2012   HB601.B53 6363/12 26/11/2012 1 26/11/2012 Books

If you have any concerns or questions; kindly contact the library


© Powered by WIUC ICT DIRECTORATE